1238 1726 1388 1256 1323 1288 1424 1830 1105 1940 1085 1770 1824 1936 1730 1565 1903 1780 1756 1992 1016 1127 1658 1030 1312 1175 1523 1998 1108 1146 1504 1806 1002 1698 1621 1837 1970 1077 1921 1390 1077 1631 1510 1947 1561 1456 1805 1472 1847 1566 1860 1104 1365 1456 1288 1519 1411 1966 1778 1540 1005 1404 1257 1618 1045 1571 1585 1735 1856 1236 1036 1510 1906 1370 1388 1022 1905 1204 1302 1265 1006 1253 1511 1542 1178 1512 1534 1664 1498 1122 1944 1279 1570 1009 1306 1220 1111 1905 1460 BCNSPRNW ULIB Ver.6.0+V

เปลี่ยนเป็นภาษาไทย

Change to English
 แสดงรายละเอียดบรรณานุกรม
  กลับหน้าหลัก

Brief Record : Get Marc (ISO 2709) : E-mail record : QR code < ปิดหน้าต่าง
LEADER : 00000nam 2200000uu 4500
001    13399121100
003     ULIB
008    121106s2546||||th 000 0 tha d
020    ^a9789990642537
040    ^avu
050  4 ^aLB^bท449ม
100 0  ^aทินพันธุ์ นาคะตะ
245 10 ^aมหาวิทยาลัยในกำกับรัฐบาล /^cโดย ทินพันธุ์ นาคะตะ
250    ^aพิมพ์ครั้งที่ 1
260    ^aกรุงเทพฯ :^bสหายบล๊อกและการพิมพ์,^c2546.
300    ^a173, [6] หน้า
650  7 ^aมหาวิทยาลัยในกำกับของรัฐ
945    ^p130^l0^i11842
995    ^aวิภา
999    ^aวิภา
รายการนี้ยังไม่มีแท็ก
คุณยังไม่ได้ล็อกอิน คุณสามารถมีกิจกรรมร่วมกับเว็บไซต์ได้ แต่ต้องล็อกอินก่อน ::
  ล็อกอิน

รายการสื่อสารสนเทศ

ลำดับที่ ประเภท เลขเรียก/บาร์โค้ด สถานที่ สถานะ
1. วิทยาศาสตร์การแพทย์ และสุขภาพ
วิทยาศาสตร์การแพทย์ และสุขภาพ
LB ท449ม  
  Barcode: 11842
ห้องสมุดวิทยาเขตสวรรค์ประชารักษ์
►หนังสือทั่วไป
บนชั้น

BibComment


ยังไม่เคยถูกคอมเมนท์

คอมเมนท์ทรัพยากรรายการนี้
  คอมเมนท์: มหาวิทยาลัยในกำก..


 Copyright 2026. Bcnsprnw @Library